| 000 | 01571ngm a22004330a 4500 | ||
|---|---|---|---|
| 001 | PT45297 | ||
| 003 | AR-LpoUNG | ||
| 005 | 20210201235951.0 | ||
| 007 | vd cvaizq | ||
| 008 | 191001s2009||||ag |||||||||||||||||eng d | ||
| 040 |
_aAR-LpoUNG _bspa _cAR-LpoUNG _eaacr |
||
| 041 | _aeng | ||
| 044 | _aag | ||
| 082 | 0 | _a940.54 619tie | |
| 100 | 1 |
_aSirk, Douglas _edir. |
|
| 245 | 1 | 0 | _aTiempo de vivir y tiempo de morir |
| 260 |
_aBuenos Aires : _bUniversal International, _c2009. |
||
| 300 | _aDVD (126 min.) : son., col. | ||
| 505 | 0 | _aActores: Jock Mahoney, John Gavin, Liselotte Pulver. Guión: Orin Jannings. Producción: Robert Arthur. Subtítulos en castellano. | |
| 520 | _aUn ejército de cansados soldados alemanes emprende la retirada antes del fuerte ataque de Rusia en la primavera de 1944. Ernst Graeber e Immerman sólo piensan en conseguir la licencia para volver a sus hogares. Cuando Ernst obtiene el permiso, regresa a su casa y encuentra todo en ruinas y que sus padres han desaparecido. La búsqueda de sus padres lo lleva a la casa del viejo médico de la familia. | ||
| 650 | 4 | _aACTIVIDAD MILITAR | |
| 650 | 4 | _aALEMANIA | |
| 650 | 4 | _aDRAMA | |
| 650 | 4 | _aFAMILIA | |
| 650 | 4 | _aGUERRA | |
| 650 | 4 | _aGUERRA | |
| 650 | 4 | _aMILITARISMO | |
| 650 | 4 | _aPERSONAL MILITAR | |
| 650 | 4 | _aRELACIONES HUMANAS | |
| 650 | 4 | _aURSS | |
| 651 | 4 | _aEstados Unidos de América | |
| 653 | _aACCION | ||
| 653 | _aBELICO | ||
| 653 | _aCINE ESTADOUNIDENSE | ||
| 653 | _aDVD | ||
| 653 | _aVIDEOS | ||
| 905 | _a45297 | ||
| 942 | _cDVD | ||
| 999 |
_c53881 _d53881 |
||